Normal view
MARC view
- الاسلام والسياسة- النظام السياسي في الاسلام
Entry Topical Term
001 - CONTROL NUMBER
- control field: 15979
003 - CONTROL NUMBER IDENTIFIER
- control field: JO-AjAnu
005 - DATE AND TIME OF LATEST TRANSACTION
- control field: 20230606072840.0
008 - FIXED-LENGTH DATA ELEMENTS
- fixed length control field: 230606|| aca||aabn | a|a d
040 ## - CATALOGING SOURCE
- Original cataloging agency: JO-AjAnu
- Transcribing agency: JO-AjAnu
150 ## - HEADING--TOPICAL TERM
- Topical term or geographic name entry element: الاسلام والسياسة- النظام السياسي في الاسلام
670 ## - SOURCE DATA FOUND
- Source citation: Work cat.: (JO-AjAnu)8203: تحقيق ودراسة: أحمد، فؤاد عبد المنعم, author 15978, مجموع في السياسة : لأبي النصر الفارابي( المتوفي 339هـ) لأبي القاسم الحسين بن علي المغربي(الوزير) (المتوفي 418هـ) للشيخ الرئيس ابن سينا (المتوفي عام 428هـ)